Live now, brother. (Record no. 13025)

000 -LEADER
fixed length control field 00531nam a2200181 a 4500
001 - CONTROL NUMBER
control field :::00010843$&:&@@
003 - CONTROL NUMBER IDENTIFIER
control field OkBaRHE
005 - DATE AND TIME OF LATEST TRANSACTION
control field 20000607103403.0
008 - FIXED-LENGTH DATA ELEMENTS--GENERAL INFORMATION
fixed length control field s1972 j 000 0 eng u
040 ## - CATALOGING SOURCE
Transcribing agency
100 1# - MAIN ENTRY--PERSONAL NAME
Personal name Pinnock, Clark H., 1937-
245 10 - TITLE STATEMENT
Title Live now, brother.
260 ## - PUBLICATION, DISTRIBUTION, ETC. (IMPRINT)
Place of publication, distribution, etc Chicago, IL., :
Name of publisher, distributor, etc Moody Press
Date of publication, distribution, etc c1972
300 ## - PHYSICAL DESCRIPTION
Extent 48 p. ;
Dimensions 18 cm.
650 ## - SUBJECT ADDED ENTRY--TOPICAL TERM
Topical term or geographic name as entry element Christian Life
942 ## - ADDED ENTRY ELEMENTS (KOHA)
Source of classification or shelving scheme
Koha item type Books
Copies
Koha item type Source of classification or shelving scheme Date acquired Full call number Copy number Damaged status Not for loan Permanent Location Date last seen Barcode Lost status Shelving location Withdrawn status Price effective from
Books 2010-04-14BV 4501.2 .P5221  RHEMA Bible Training College2010-04-1410843 General Stacks 2010-04-14